| 000 | 00731nam a2200205Ia 4500 | ||
|---|---|---|---|
| 999 |
_c59626 _d59626 |
||
| 003 | GCL | ||
| 005 | 20240530110309.0 | ||
| 008 | 140319s1992 le 000 0 ara d | ||
| 040 |
_aGCL / _cGCL |
||
| 082 | 0 | 4 |
_a920 / _bس م |
| 100 | 0 | _aسمير ابوحمدان | |
| 245 | 1 | 0 |
_aرفاعة رافع الطهطاوى : _bرائد التحديث الاوروبى فى مصر / _cسمير ابوحمدان |
| 260 |
_aبيروت : _bالشركة العالمية للكتاب ش م ل ، _c1992 |
||
| 300 |
_a192 ص ؛ _c20 سم |
||
| 490 | 0 |
_aموسوعة عصر النهضة ؛ _v2 |
|
| 650 | 0 | 4 | _aرفاعة الطهطاوى |
| 650 | 0 | 4 | _aالرجال - تراجم |
| 650 | 0 | 4 | _aالتعليم - تاريخ |
| 942 |
_2ddc _cREF |
||